První prózy a první pokusy

Bibliographic Details
Main Author: Vančura, Vladislav, 1891-1942 (Author)
Format: Book
Language:Czech
PhysicalDescription:320, [3] s. 8°
Published: Praha Čs. spis. 1985
Series:Spisy Vladislava Vančury
Subjects:

MARC

LEADER 00000nam a2200000 a 4500
001 vtls001362102
003 SK-MaSNL
005 20260301010719.0
008 251113s1985 xr 0 cze
035 |a SNK000315692 
040 |a SNK  |b slo  |c SNK  |e AACR2 
041 0 |a cze 
044 |a CZ 
080 |a 885.0-821  |2 1981 
100 1 |a Vančura, Vladislav,  |d 1891-1942  |4 aut  |9 230468 
245 1 0 |a První prózy a první pokusy  |c Vladislav Vančura 
260 |a Praha  |b Čs. spis.  |c 1985 
300 |a 320, [3] s.  |c 8° 
490 1 |a Spisy Vladislava Vančury  |v sv. 1 
650 0 7 |a literatúra česká  |x výbery  |2 SNK  |9 284289 
830 0 |a Spisy Vladislava Vančury  |9 292967 
958 |a RK 
958 |a OND 
999 |c 548896  |d 550826 
952 |t P60, <04>, [BOOK], {604}  |a SNK  |b SNK  |y VYP  |7 0  |o snkIC 101063  |i snkKIP 1675/86  |0 0  |1 0  |4 0  |d 1999-04-30  |l 0  |r 2005-01-02 00:00:00  |w 2026-02-23 
952 |t P60, <04>, [BOOK], {604}  |a SNK  |b SNK  |y VYP  |7 0  |o snkIC 101063 D1  |i snkKIP 1676/86  |0 0  |1 0  |4 0  |d 1999-04-30  |l 0  |r 2005-01-02 00:00:00  |w 2026-02-23